Drake-Over Lyrics - Statistics

General Stats
  • This quiz has been taken 58 times
  • The average score is 281 of 500
Answer Stats
Answer % Correct
I Doing | Im | Right | +3 others
90%
Man Til
84%
People Year
84%
The But | Far | The | Til
84%
Here Who
82%
Know I | Swear
82%
No
82%
Right Its | Life | The
82%
To
82%
Way Didnt
82%
Many Last
80%
A
78%
Did
78%
Fuck Last | Over
78%
Last I | It
78%
Me Man | Right | What
78%
Now Fuck | Over
78%
That Are
78%
Yall Its | Nights
78%
Are Few | Til
76%
Didnt I
76%
Too Know
76%
Who Like
76%
Year Feels
76%
Be
73%
It Doing | Everywhere | What
73%
Been It
71%
What But | Doing | Yeah
71%
All Oh
69%
Am Me | Thats
69%
And Its | What
69%
Do Far
69%
Doing Doing | Im | Now | This
69%
Ever
69%
Im And | Ima | Right
69%
Ni
69%
Thats Living
69%
But Doing | I
67%
Can
67%
Everywhere All
67%
Feel
67%
Life Til
67%
Like Back
67%
Over Im | Me | Yeah
67%
Remember I
67%
Yeah Im | Now
67%
Cant Am
65%
Far Im
65%
Few Just
65%
Its Me | Over | Right
65%
Just What
65%
living Feel
65%
Living
65%
Nights Cant
65%
Oh Me
65%
Swear Been
65%
Back Am
63%
In
63%
On Life
63%
Til From | Thats
63%
From Doing
61%
Feels And
59%
Ima Its
59%
This Over
59%
You
59%
Weve Remember
57%
Is
55%
Bottles Living
53%
Drink This
53%
Money Over | Right
49%
So
49%
Thinking Over
49%
How
47%
Go
45%
Ive
45%
Never Ima
45%
Should
45%
Get
43%
Getting
43%
Language
43%
My
43%
Rosetta
43%
Some
43%
Speak
43%
Stone
43%
Tell
43%
Young From | Here
43%
Drop Do
41%
Home
41%
Long Now
41%
Thing
41%
As Man
39%
Ball Its
39%
Bitch
39%
Have
39%
Jackson
39%
Known
39%
One
39%
Ship
39%
Shouldnt
39%
Sinking
39%
Sweetest
39%
Teach
39%
Alone
37%
Bed
37%
Down
37%
Drove
37%
Jada
37%
Laying
37%
Mike
37%
Pinkett
37%
These
37%
With
37%
Bout
35%
Of
35%
Off
35%
Thriller
35%
When
35%
About
33%
Could
33%
Fucking
33%
Jacket
33%
Either
31%
Make
31%
Red
31%
Zippers
31%
Fine
29%
Set
29%
Shit
29%
Uh People
29%
Got
27%
Them
27%
Time
27%
Well
27%
Bitches
25%
For
25%
Insane
25%
Needs
25%
Out
25%
See
25%
Someone And
25%
Your
25%
Alright Im
24%
Any
24%
Believer
24%
Fame
24%
Happen
24%
High
24%
Making But
24%
Pain
24%
Quicker
24%
Up
24%
Beams
22%
Better
22%
Biggest
22%
Everything
22%
First
22%
Game
22%
Hits
22%
Hundreds
22%
Package
22%
Ready
22%
Run
22%
Sure Its
22%
Swishers
22%
Than
22%
They
22%
Throwing
22%
City
20%
Comes
20%
Done
20%
Feeling
20%
Music
20%
Old
20%
Ones
20%
Really
20%
Ridin
20%
Saying
20%
Skeptic
20%
Through
20%
Two
20%
Ill
18%
Love
18%
Point
18%
Super
18%
Thumbs
18%
Couldnt
16%
Good
16%
Overnight
16%
Cold
14%
Complain
14%
Dream
14%
Him
14%
If
14%
Legend
14%
Die
12%
Still
12%
Treat
12%
Wide
12%
Admit
10%
Before
10%
Closer
10%
Kosher
10%
Not
10%
Picture
10%
Screen
10%
Wouldnt
10%
End
8%
Fit
8%
Visine
8%
Ebert
6%
Quit
6%
Turn
6%
Kidding
4%
Nobodys
4%
Probably
4%
Roeper
2%
Smidoke
2%
No matching quizzes found
Score Distribution
Percent of People with Each Score
Percentile by Number Answered
Your Score History
You have not taken this quiz